| 000 | 01212cam a2200229 4500 | ||
|---|---|---|---|
| 001 | L127423 | ||
| 008 | 040915n2004 000 0 eng u | ||
| 020 | _a190390952X | ||
| 035 | _a(Sirsi) u127423 | ||
| 041 | _aeng | ||
| 050 |
_a346.4104342 _c18 |
||
| 100 | _aAndrews, Sean | ||
| 245 | _aLetting property for profit | ||
| 250 | _aRev. ed. | ||
| 260 |
_aBrighton _bStraightforward Publishing _c2004 |
||
| 300 |
_a139p. _c21cm. |
||
| 350 | _a8.99 | ||
| 490 | _aStraightforward Guides | ||
| 520 | _aProvides a concise introduction to letting property for profit, which has been substantially revised and updated in the light of ongoing changes in law and practice in this area. Covers considerations when letting a property, returns on investment, finding a tenant, rights and obligations, different tenure types and legislation governing them, market rents and the law governing residential rents, repairing responsibilities, service charges, ending a tenancy and possession of a property through the courts and tax considerations. Appendices provide examples of agreements, notices and a household inventory. | ||
| 690 | _aPROPERTY-RESIDENTIAL PROPERTY-RESIDENTIAL LANDLORD AND TENANT | ||
| 942 | _n0 | ||
| 999 |
_c103785 _d103785 |
||